الميسر في اللغة العربية / (رقم التسجيلة. 9968)

تفاصيل مارك
000 -LEADER
fixed length control field 00467nam a22001577a 4500
005 - DATE AND TIME OF LATEST TRANSACTION
control field 20251108164340.0
008 - FIXED-LENGTH DATA ELEMENTS--GENERAL INFORMATION
fixed length control field 250721s1990 xx 000 0 ara d
082 14 - DEWEY DECIMAL CLASSIFICATION NUMBER
Classification number 410/ميس
100 1# - MAIN ENTRY--PERSONAL NAME
Personal name كنعان، محمد دروبي
245 10 - TITLE STATEMENT
Title الميسر في اللغة العربية /
264 1# - PRODUCTION, PUBLICATION, DISTRIBUTION, MANUFACTURE, AND COPYRIGHT NOTICE
Place of production, publication, distribution, manufacture اربد :
Name of producer, publisher, distributor, manufacturer دار الأمل للنشر والتوزيع،
Date of production, publication, distribution, manufacture, or copyright notice 1990.
300 ## - PHYSICAL DESCRIPTION
Extent 117ص
650 17 - SUBJECT ADDED ENTRY--TOPICAL TERM
Topical term or geographic name as entry element اللغة العربية
942 ## - ADDED ENTRY ELEMENTS (KOHA)
Source of classification or shelving scheme Dewey Decimal Classification
Koha item type كتب
المقتنيات
حالة السحب حالة الفقدان مصدر التصنيف حالة التلف غير قابل للإعارة المكتبة الرئيسية المكتبة الحالية موقع الرف تاريخ التزويد الرقم المتسلسل Total Checkouts رقم الإستدعاء تاريخ آخر ظهور تاريخ الفاتورة نوع المادة (كوها) الباركود
    Dewey Decimal Classification Unchecked   المكتبة المركزية المكتبة المركزية الإعارة 06/07/2004 150065   410/ميس 28/07/2025 06/07/2004 كتب  
    Dewey Decimal Classification Unchecked   مكتبة أم قصير والمقابلين العامة مكتبة أم قصير والمقابلين العامة الإعارة 06/07/2004 602   410/ميس 28/07/2025 06/07/2004 كتب  
    Dewey Decimal Classification Unchecked   مكتبة الاميرة بديعة مكتبة الاميرة بديعة الإعارة 06/07/2004 1362   410/ميس 28/07/2025 06/07/2004 كتب  
    Dewey Decimal Classification Unchecked   مكتبة الجويدة مكتبة الجويدة الإعارة 06/07/2004 1162   410/ميس 28/07/2025 06/07/2004 كتب  
    Dewey Decimal Classification     مكتبة الحسن العامة مكتبة الحسن العامة الإعارة 16/09/2018 05882   410/ميس 28/07/2025 16/09/2018 كتب PLD00431841
    Dewey Decimal Classification Unchecked   مكتبة النصر العامة مكتبة النصر العامة الإعارة 06/07/2004 3903   410/ميس 28/07/2025 06/07/2004 كتب  
    Dewey Decimal Classification     مكتبة حمزة العامة مكتبة حمزة العامة الإعارة 04/04/1980 [4977]..   410/ميس 28/07/2025 04/04/1980 كتب PLD00364339
    Dewey Decimal Classification Unchecked   مكتبة صويلح العامة مكتبة صويلح العامة الإعارة 06/07/2004 1139   410/ميس 28/07/2025 06/07/2004 كتب  
    Dewey Decimal Classification Unchecked   مكتبة وادي السير العامة مكتبة وادي السير العامة الإعارة 06/07/2004 1168   410/ميس 28/07/2025 06/07/2004 كتب  
Implemented & Customized by: BBB with SCIT (Smart Chains for Information Technology)

Powered by Koha